<?xml version="1.0" encoding="UTF-8"?>
<record
    xmlns:xsi="http://www.w3.org/2001/XMLSchema-instance"
    xsi:schemaLocation="http://www.loc.gov/MARC21/slim http://www.loc.gov/standards/marcxml/schema/MARC21slim.xsd"
    xmlns="http://www.loc.gov/MARC21/slim">

  <leader>01528nam0a22003371  4500</leader>
  <controlfield tag="001">v19\rc\1870777</controlfield>
  <controlfield tag="005">20260406003746.0</controlfield>
  <datafield tag="035" ind1=" " ind2=" ">
    <subfield code="a">(NLR Aleph) 005259734</subfield>
  </datafield>
  <datafield tag="090" ind1=" " ind2=" ">
    <subfield code="a">5889303</subfield>
    <subfield code="c">5889303</subfield>
  </datafield>
  <datafield tag="100" ind1=" " ind2=" ">
    <subfield code="a">20080221e19101910|||y0rusy50      ca</subfield>
  </datafield>
  <datafield tag="101" ind1="0" ind2=" ">
    <subfield code="a">rus</subfield>
  </datafield>
  <datafield tag="102" ind1=" " ind2=" ">
    <subfield code="a">RU</subfield>
  </datafield>
  <datafield tag="105" ind1=" " ind2=" ">
    <subfield code="a">c   z   |||||</subfield>
  </datafield>
  <datafield tag="200" ind1="1" ind2=" ">
    <subfield code="a">&#x41D;&#x430;&#x43F;&#x440;&#x430;&#x441;&#x43D;&#x44B;&#x439; &#x43F;&#x435;&#x440;&#x435;&#x43F;&#x43E;&#x43B;&#x43E;&#x445;</subfield>
    <subfield code="d">(Un tableau &#xE0; Grouzino et la favorite d'Araktch&#xE8;eff)</subfield>
    <subfield code="f">[&#x410;. &#x413;&#x43E;&#x43B;&#x43E;&#x43C;&#x431;&#x438;&#x435;&#x432;&#x441;&#x43A;&#x438;&#x439;]</subfield>
    <subfield code="g">A. Gozdawo Golombiewsky</subfield>
    <subfield code="z">fre</subfield>
  </datafield>
  <datafield tag="210" ind1=" " ind2=" ">
    <subfield code="a">&#x421;&#x430;&#x43D;&#x43A;&#x442;-&#x41F;&#x435;&#x442;&#x435;&#x440;&#x431;&#x443;&#x440;&#x433;</subfield>
    <subfield code="c">&#x442;&#x438;&#x43F;. "&#x421;&#x438;&#x440;&#x438;&#x443;&#x441;"</subfield>
    <subfield code="d">[1910]</subfield>
  </datafield>
  <datafield tag="215" ind1=" " ind2=" ">
    <subfield code="a">7 &#x441;., 1 &#x43B;. &#x43F;&#x43E;&#x440;&#x442;&#x440;.</subfield>
    <subfield code="c">&#x43F;&#x43E;&#x440;&#x442;&#x440;.</subfield>
    <subfield code="d">26</subfield>
  </datafield>
  <datafield tag="300" ind1=" " ind2=" ">
    <subfield code="a">&#x411;&#x435;&#x437; &#x442;&#x438;&#x442;. &#x43B;. &#x41E;&#x43F;&#x438;&#x441;&#x430;&#x43D;&#x43E; &#x43F;&#x43E; 1 &#x441;. &#x442;&#x435;&#x43A;&#x441;&#x442;&#x430;. &#x41D;&#x430; 4-&#x439; &#x441;. &#x43E;&#x431;&#x43B;. &#x432;&#x44B;&#x445;&#x43E;&#x434;&#x43D;&#x44B;&#x435; &#x434;&#x430;&#x43D;&#x43D;&#x44B;&#x435; &#x438; &#x443;&#x43A;&#x430;&#x437;&#x430;&#x43D;&#x438;&#x435; &#x43D;&#x430; &#x43E;&#x442;&#x442;&#x438;&#x441;&#x43A;</subfield>
  </datafield>
  <datafield tag="300" ind1=" " ind2=" ">
    <subfield code="a">&#x410;&#x432;&#x442;. &#x443;&#x43A;&#x430;&#x437;&#x430;&#x43D; &#x432; &#x43A;&#x43E;&#x43D;&#x446;&#x435; &#x442;&#x435;&#x43A;&#x441;&#x442;&#x430;</subfield>
  </datafield>
  <datafield tag="311" ind1=" " ind2=" ">
    <subfield code="a">&#x418;&#x437; &#x436;&#x443;&#x440;&#x43D;. "&#x421;&#x442;&#x430;&#x440;&#x44B;&#x435; &#x433;&#x43E;&#x434;&#x44B;". &#x41C;&#x430;&#x440;&#x442;, 1910 &#x433;.</subfield>
  </datafield>
  <datafield tag="488" ind1=" " ind2="0">
    <subfield code="1">2001#$a&#x421;&#x442;&#x430;&#x440;&#x44B;&#x435; &#x433;&#x43E;&#x434;&#x44B;$v1910, &#x43C;&#x430;&#x440;&#x442;</subfield>
    <subfield code="t">&#x421;&#x442;&#x430;&#x440;&#x44B;&#x435; &#x433;&#x43E;&#x434;&#x44B;</subfield>
  </datafield>
  <datafield tag="510" ind1="0" ind2=" ">
    <subfield code="a">(Un tableau &#xE0; Grouzino et la favorite d'Araktch&#xE8;eff)</subfield>
    <subfield code="z">fre</subfield>
  </datafield>
  <datafield tag="686" ind1="1" ind2=" ">
    <subfield code="a">&#x429;143(2&#x420;=&#x420;&#x443;&#x441;)51-8&#x411;&#x43E;&#x43B;&#x43E;&#x442;&#x43D;&#x438;&#x43A;&#x43E;&#x432;&#x430;</subfield>
  </datafield>
  <datafield tag="700" ind1=" " ind2="1">
    <subfield code="8">rus</subfield>
    <subfield code="7">ca</subfield>
    <subfield code="a">&#x413;&#x43E;&#x43B;&#x43E;&#x43C;&#x431;&#x438;&#x435;&#x432;&#x441;&#x43A;&#x438;&#x439;</subfield>
    <subfield code="b">&#x410;. &#x410;.</subfield>
    <subfield code="f">1863-1913</subfield>
    <subfield code="g">&#x410;&#x43B;&#x435;&#x43A;&#x441;&#x430;&#x43D;&#x434;&#x440; &#x410;&#x43B;&#x435;&#x43A;&#x441;&#x430;&#x43D;&#x434;&#x440;&#x43E;&#x432;&#x438;&#x447;</subfield>
    <subfield code="3">RU\NLR\AUTH\77113281</subfield>
    <subfield code="9">96206</subfield>
  </datafield>
  <datafield tag="801" ind1=" " ind2="0">
    <subfield code="a">RU</subfield>
    <subfield code="b">NLR</subfield>
    <subfield code="c">20080221</subfield>
    <subfield code="g">psbo</subfield>
  </datafield>
  <datafield tag="801" ind1=" " ind2="0">
    <subfield code="a">RU</subfield>
    <subfield code="b">RuMoRGB</subfield>
    <subfield code="c">20080221</subfield>
    <subfield code="2">psbo</subfield>
  </datafield>
  <datafield tag="801" ind1=" " ind2="1">
    <subfield code="a">RU</subfield>
    <subfield code="b">ProSoft-M</subfield>
    <subfield code="c">20080221</subfield>
    <subfield code="2">rusmarc</subfield>
  </datafield>
  <datafield tag="801" ind1=" " ind2="2">
    <subfield code="a">RU</subfield>
    <subfield code="b">NLR</subfield>
    <subfield code="c">20120704</subfield>
    <subfield code="2">rusmarc</subfield>
  </datafield>
  <datafield tag="852" ind1=" " ind2=" ">
    <subfield code="a">NLR</subfield>
    <subfield code="j">34/1191</subfield>
  </datafield>
  <datafield tag="942" ind1=" " ind2=" ">
    <subfield code="c">BOOK</subfield>
  </datafield>
  <datafield tag="980" ind1=" " ind2=" ">
    <subfield code="a">NB</subfield>
  </datafield>
  <datafield tag="995" ind1=" " ind2=" ">
    <subfield code="5">2013-10-26</subfield>
    <subfield code="b">NLR02</subfield>
    <subfield code="c">NLR02</subfield>
    <subfield code="e">RFS</subfield>
    <subfield code="f">5259734-10</subfield>
    <subfield code="k">34/1191</subfield>
    <subfield code="o">0</subfield>
    <subfield code="r">BOOK</subfield>
    <subfield code="s">341191_</subfield>
  </datafield>
</record>
